000 00599nam a2200217Ia 4500
003 GCL
008 140319s9999 xx 000 0 eng d
040 _aGCL /
_cGCL
082 0 4 _a791.43
_bO D
100 1 _aOHANIAN, THOMAS A
245 1 0 _aDIGITAL FILMMAKING: THE CHANGING ART AND CRAFT OF MAKING MOTION PICTURES /
_cOHANIAN, THOMAS A
700 1 _aPHILLIPS, MICHAEL E
700 1 _aKREBS, JEFFREY
260 _a[S.N] :
_bFOCAL PRESS ،
_c1996
300 _a267 P
650 0 4 _aCINEMATOGRAPHY
650 0 4 _aART
650 0 4 _aMOTION PICTURES
650 0 4 _aDIGITAL VIDIO
942 _2ddc
_cBK
999 _c13330
_d13330